LEADER 01316nam2-2200385---450- 001 990005883520203316 005 20140206140001.0 010 $a978-1-4073-1116-6 035 $a000588352 035 $aUSA01000588352 035 $a(ALEPH)000588352USA01 035 $a000588352 100 $a20130911d2013----km-y0itay50------ba 101 0 $aeng 102 $aGB 105 $aa|||z|||001yy 200 1 $aAnimals and otherness in the Middle Ages perspectives across disciplines$fedited by Francisco Asís García Ramos ...[et alt.] 210 $aOxford$cArchaeopress$d2013 215 $a1532 p.$cill.$d30 cm 225 2 $aBAR international series$v2500$1001000018484$12001 410 0$12001$aBAR international series$v, 2500 606 0 $aArcheozoologia 676 $a704.9432 702 1$aASÍS GARCÍA GARCÍA,$bFrancisco 801 0$aIT$bsalbc$gISBD 912 $a990005883520203316 951 $aXI.5. Coll. 12/ 1160$b241917 L.M.$cXI.5. Coll.$d00314899 959 $aBK 969 $aUMA 979 $aPASSARO$b90$c20130911$lUSA01$h1010 979 $aPASSARO$b90$c20130911$lUSA01$h1012 979 $aPASSARO$b90$c20140206$lUSA01$h1400 979 $aCHIARA$b90$c20160208$lUSA01$h1407 996 $aAnimals and otherness in the Middle Ages perspectives across disciplines$91085192 997 $aUNISA